German - Important verbs to use (present tense) - Statistics

General Stats
  • This quiz has been taken 54 times
  • The average score is 21 of 25
Answer Stats
Hint Answer % Correct
To read lesen
100%
To do machen
100%
To be sein
100%
To speak sprechen
100%
To work arbeiten
97%
To go gehen
97%
To swim schwimmen
97%
To see/watch sehen
97%
To think denken
94%
To drive/ride fahren
94%
To buy/purchase kaufen
94%
To write schreiben
94%
To live leben
91%
To study/learn lernen
91%
To play spielen
91%
To listen hören
89%
To find/think finden
86%
To believe/think glauben
80%
To reside wohnen
77%
To visit/go to besuchen
71%
To wear tragen
71%
To meet treffen
69%
To get bekommen
63%
To draw zeichnen
43%
To discuss besprechen
14%
No matching quizzes found
Score Distribution
Percent of People with Each Score
Percentile by Number Answered
Your Score History
You have not taken this quiz